000 00336nam a2200133Ia 4500
008 130318s9999 xx 000 0 und d
020 _a9788120313521
082 _a515.352 ARN/O
100 _aArnold, V.I
245 _aOrdinary differential equations
260 _bPHI Learning
_aNew Delhi
_c2009
300 _a280
650 _aMATHEMATICS
999 _c1595
_d1595